| 000 | 00890nas a2200289 4500 | ||
|---|---|---|---|
| 001 | BR0403437 | ||
| 003 | BR-BrBNA | ||
| 005 | 20231205104659.0 | ||
| 007 | ta | ||
| 008 | 230509b bl.|||p| |||| 00| 00por d | ||
| 040 |
_aBR-BrBNA _bpor _cBiblioteca Nacional de Agricultura |
||
| 041 | _a(Pt) | ||
| 072 | _aM12; L52 | ||
| 100 | 1 | _aLima, S.L. | |
| 100 | 1 | _aCasali, A.P. | |
| 100 | 1 | _aAgostinho, C.A. | |
| 245 | 1 | _aDesempenho zootécnico e tabela de alimentação de girinos de rã-touro (Rana catesbeiana)criados no sistema anfigranja | |
| 650 | _aRÃ TOURO | ||
| 650 | _aRANÁRIO | ||
| 650 | _aNUTRIÇÃO ANIMAL | ||
| 650 | _aGIRINO | ||
| 650 | _aPERFORMANCE | ||
| 650 | _aZOOTECNIA | ||
| 773 | 0 |
_tRevista Brasileira de Zootecnia (Brazil) _xISSN 1516-3598 _g(May-Jun 2003), v. 32(3) p. 512-518 _wBR0403437 |
|
| 909 |
_a202311 _bLúcia _c55 _dLúcia Elande |
||
| 942 |
_2AGRIS _n0 _cANA |
||
| 999 |
_c179247 _d179247 |
||